000 00950nam a2200217Ii 4500
003 JO-AjNU
008 230605s9999||||xx |||||||||||||| ||und||
017 _a2015/6/2921
040 _aJO-AjNU
_bara
_erda
_cJO-AjNU
041 _aara
050 1 4 _aDS154.6.A96 2017
100 3 _aاشراف الشؤون الادارية - الديوان الملكي الهاشمي,
_eauthor
_956969
245 0 0 _aالأوراق النقاشية لصاحب الجلالة الهاشمية الملك عبد الله الثاني ابن الحسين المعظم : من الأولى الى السابعة
250 _aط3
264 3 1 _aعمان: الديوان الملكي الهاشمي، 2017
300 _a90ص
_bالكشافات ص 74-90
336 _atext
_btxt
_2rdacontent
337 _aunmediated
_bn
_2rdamedia
338 _avolume
_bnc
_2rdacarrier
650 4 _aالخطب السياسية-الاردن -الملك عبد الله الثاني
_956970
999 _aA25502
_c29070
_d29070